الجوانب الجغرافية فى حماية الطبيعة / (Record no. 51065)
[ view plain ]
| 000 -الفاتح | |
|---|---|
| حقل البيانات ثابتة الطول | 00679nam a2200217Ia 4500 |
| 008 - عناصر البيانات ثابتة الطول - معلومات عامة | |
| حقل البيانات ثابتة الطول | 140319s9999 xx 000 0 ara d |
| 040 ## - مصدر الفهرسة | |
| وكالة الفهرسة الأصلية | GCL / |
| وكالة النسخ | GCL |
| 082 04 - رقم تصنيف ديوى العشرى | |
| رقم التصنيف | 614.7 |
| رقم المادة | م ج |
| 100 1# - المدخل الرئيسى - إسم شخصى | |
| الإسم الشخصى | ميلانوفا, ى . ف |
| 245 10 - بيان العنوان | |
| العنوان | الجوانب الجغرافية فى حماية الطبيعة / |
| بيان المسئوليه,etc | ميلانوفا, ى . ف |
| 700 1# - المدخل الاضافى - اسم شخصى | |
| الإسم الشخصى | ريابتشيكوف، ا . م |
| 700 1# - المدخل الاضافى - اسم شخصى | |
| الإسم الشخصى | امين طربوش |
| 300 ## - الوصف المادى | |
| التعداد | 276 ص |
| 490 ## - بيان السلسلة | |
| عنوان السلسلة | الهيئة العامة للاستعلامات |
| رقم المجلد/ التعيين التسلسلي | 0 |
| 650 04 - المدخل الاضافى بالموضوع-مصطلح موضوعى | |
| مصطلح موضوعي | البيئة |
| 650 04 - المدخل الاضافى بالموضوع-مصطلح موضوعى | |
| مصطلح موضوعي | حماية البيئة |
| 650 04 - المدخل الاضافى بالموضوع-مصطلح موضوعى | |
| مصطلح موضوعي | صحة البيئة |
| 650 04 - المدخل الاضافى بالموضوع-مصطلح موضوعى | |
| مصطلح موضوعي | حماية الطبيعة |
| 942 ## - عناصر المدخل الإضافي( كوها) | |
| مصدر التصنيف او مخطط الترفيف | Dewey Decimal Classification |
| Koha [default] item type | كتاب |
| حالة التراجع | حالة الفقد | حالة تلف | ليس للاعارة | المكان المؤقت | الموقع الحالى | تاريخ الاكتساب | اجمالي اﻻعارات | رقم الطلب | الباركود | تاريخ اخر مشاهدة | تاريخ تفعيل السعر | نوع وعاء كوها |
|---|---|---|---|---|---|---|---|---|---|---|---|---|
| مكتبة القاهرة الكبرى | مكتبة القاهرة الكبرى | 03/26/2014 | 614.7\م ج | 122363 | 03/26/2014 | 03/26/2014 | كتاب | |||||
| مكتبة القاهرة الكبرى | مكتبة القاهرة الكبرى | 03/26/2014 | 614.7\م ج | 122364 | 03/26/2014 | 03/26/2014 | كتاب |

